الإعلام في المنظور الإسلامي / (رقم التسجيلة. 141395)

تفاصيل مارك
000 -الفاتح
عناصر البيانات ثابتة الطول 00630cam a2200169 i 4500
005 - تاريخ ووقت آخر معاملة
حقل ضبط 20251216104055.0
008 - عناصر البيانات ثابتة الطول
عناصر البيانات ثابتة الطول 250721s2020 jo gr 000 0 ara d
082 14 - رقم تصنيف ديوي العشري
رقم التصنيف 216.933
رقم المادة م ز و
100 1# - مدخل رئيسي – اسم شخصي
الاسم الشخصي المزوري، رقيب سعيد شرف
علاقة الشخص بالعمل/ دوره مؤلف.
245 12 - بيان العنوان
العنوان الإعلام في المنظور الإسلامي /
بيان المسؤولية تأليف رقيب سعيد شرف المزوري.
250 ## - بيان الطبعة
بيان الطبعة الطبعة الأولى.
264 31 - بيانات النشر، التوزيع…إلخ
مكان النشر، التوزيع...إلخ عمان :
اسم الناشر، الموزع...إلخ دار المعتز للنشر و التوزيع،
تاريخ النشر، التوزيع...إلخ 2020.
300 ## - الوصف المادي
عدد الوحدات المكونة للوعاء 215 صفحة.
650 17 - مدخل إضافي بالموضوع - مصطلح موضوعي
مصطلح موضوعي أو اسم جغرافي كعنصر مدخل الاعلام الاسلامي.
942 ## - بيانات إضافية (كوها)
نوع التنصيف Dewey Decimal Classification
نوع المادة (كوها) كتب
المقتنيات
حالة السحب حالة الفقدان مصدر التصنيف حالة التلف غير قابل للإعارة المكتبة الرئيسية المكتبة الحالية موقع الرف تاريخ التزويد الرقم المتسلسل Total Checkouts رقم الإستدعاء الباركود تاريخ آخر ظهور تاريخ الفاتورة نوع المادة (كوها)
    Dewey Decimal Classification     المكتبة المركزية المكتبة المركزية الإعارة 28/07/2025 1737253   216.933 / م ز و PLD00481434 28/07/2025 28/07/2025 كتب
    Dewey Decimal Classification     مكتبة البراعم الواعدة مكتبة البراعم الواعدة الإعارة 22/12/2019 1737254   216.933/مزو PLD00482426 28/07/2025 22/12/2019 كتب
    Dewey Decimal Classification     مكتبة الجويدة مكتبة الجويدة الإعارة 22/12/2019 1737255   216.933/مزو PLD00482427 28/07/2025 22/12/2019 كتب
    Dewey Decimal Classification     مكتبة الحسن العامة مكتبة الحسن العامة الإعارة 22/12/2019 1737257   216.933/مزو PLD00482430 28/07/2025 22/12/2019 كتب
    Dewey Decimal Classification     مكتبة صويلح العامة مكتبة صويلح العامة الإعارة 22/12/2019 1737256   216.933/مزو PLD00482429 28/07/2025 22/12/2019 كتب
Implemented & Customized by: BBB with SCIT (Smart Chains for Information Technology)

Powered by Koha